Statistics for Kiwi - Harry Styles (All Lyrics)

Click here to take the quiz!

General Stats

  • This quiz has been taken 67 times
  • The average score is 260 of 306

Answer Stats

Answer% Correct
a
100%
of
96%
She
96%
she
96%
I
94%
I'm
92%
it
92%
your
92%
an
90%
it's
90%
It's
90%
none
90%
pack
90%
And
88%
baby
88%
cigarettes
88%
having
88%
In
88%
into
88%
me
88%
such
88%
Such
88%
all
86%
business
86%
cheap
86%
crazy
86%
Hard
86%
she's
86%
She's
86%
driving
84%
the
84%
getting
82%
intellect
82%
kind
82%
on
82%
through
82%
bit
80%
boys
80%
but
80%
face
80%
pretty
80%
they
80%
way
80%
with
80%
her
78%
like
78%
neck
78%
saying
78%
black
76%
dress
76%
were
76%
for
73%
up
73%
actress
71%
always
71%
mixed
71%
New
71%
think
71%
said
69%
York
69%
candy
67%
gonna
67%
liquor
67%
losing
67%
Oh
67%
cactus
65%
dripping
65%
feet
65%
goes
65%
jacked
65%
my
65%
to
65%
wet
65%
home
63%
over
63%
pay
63%
this
63%
'til
63%
When
63%
backed
61%
paid
61%
worked
61%
are
59%
nose
59%
alone
57%
beside
53%
sits
53%
Tunnel
53%
now
51%
silhouette
49%
Holland
45%

Score Distribution

Percentile by Number Answered

Percent of People with Each Score

Your Score History

You have not taken this quiz